000
00318nam a2200121Ia 4500
008
220204s9999 xx 000 0 und d
082
_a
389
_b
VER
100
_a
VERMAN, Lal C
245
0
_a
Standardization: A new discipline
260
_a
New Delhi
_b
Affiliated East West
_c
1973
650
_a
Standardization
942
_c
BK
999
_c
24013
_d
24013